000
00479nam a2200169Ia 4500
008
110201s9999 xx 000 0 und d
082
_b
B5258
_a
BAL 1320
100
_a
गडकर रेचल
245
_a
बारा भाऊ
260
_b
पंढरी प्रकाशन
365
_b
12
600
_a
गडकर रेचल
630
_a
बारा भाऊ
700
_a
गडकर रेचल
730
_a
बारा भाऊ
942
_c
BOOK
999
_c
831186
_d
831183